BIBLIOTHÈQUE DE LA MAISON DU MEXIQUE

Logo 1 Logo 2

Capsicum y cultura (notice nᵒ 8871)

détails MARC
000 -Sello discográfico
campo de control de longitud fija 01022nam a2200337 4500
005 - Identificación de versión
campo de control 20251016085107.0
010 ## - Número Estándar Internacional de Libros (ISBN)
Número (ISBN) 968-16-5380-7
035 ## - Otros números de control del sistema
Número de control del sistema 29762
099 ## - fechas locales
Tipo de ítem Koha LIBRO
100 ## - Datos de procesamiento general
Datos de procesamiento general 20021211d19981986m y1spay5003 ba
105 ## - Campo de datos codificados: Material textual, monográfico
Datos codificados de monografía a 001zy
200 1# - Título y mención de responsabilidad
Título propio Capsicum y cultura
Designación general del material texto impreso
Otra información del título la historia del chilli
Primer mención de responsabilidad Janet Long Solís
205 ## - Declaración de edición
Declaración de edición 2a ed corregida y aum
210 ## - Publicación, distribución, etc.
Lugar de publicación, distribución, etc. México
Nombre del editor, distribuidor, etc. Fondo de Cultura Económica
Fecha de publicación, distribución, etc. 1998
215 ## - Descripción física
Designación de material específico y extensión del ítem 203 p
Otras características físicas il., fot.
Dimensiones 23 cm
300 ## - Notas generales
Texto de la nota Incluye índices y diccionario de chiles
320 ## - Nota de índices/bibliografías internas
Texto de la nota Bibliografía: p.175-193
345 ## - Nota de información de adquisición
Fuente de adquisición/dirección de la suscripción [OBSOLETO] Donación
410 #1 - Series
Título Sección de Obras de Antropología
606 ## - Término temático usado como materia
Elemento de entrada Chile (Botánica)
Número Koha 15024
606 ## - Término temático usado como materia
Elemento de entrada Chile (Botánica)
Subdivisión temática Historia
Número Koha 15025
660 ## - Código de área geográfica
Código MX
700 ## - Nombre personal - Responsabilidad primaria
Elemento de entrada Long Solís
Parte del nombre distinta del elemento de entrada Janet
Número Koha 14728
801 #0 - Fuente de origen
Agencia cm
900 ## -
-- 1/3198
900 ## -
-- 7100214988\111202
942 ## - ELEMENTOS DE ENTRADA SECUNDARIOS (KOHA)
Tipo de ítem Koha Livre
996 ## -
-- MEX
-- 751145101
-- MMAG
-- 002162
-- 633.84 L848C
-- 20191112LIV
Exemplaires
Estatus retirado Estado de daño Estado de pérdida Fecha de adquisición Biblioteca de origen Biblioteca actual Ubicación en estantería Código de barras Precio de reemplazo Signatura topográfica completa No para préstamo Tipo de ítem Koha Nota pública Nota no pública
      05/08/2025 Casa México Paris Casa México Paris   002162 05/08/2025 633.84 L848C   Livre 20191112LIV 751145101